000 00259nam a2200097Ia 4500
001 1250385
005 20251031150855.0
008 251031s9999 xx 000 0 und d
245 0 _cYAKUP KADRİ OSMANOĞLU
_aE-3 BİR SERENCAM
260 _bİLETİŞİM YAYINLARI
999 _c1250385
_d1250385